000 01674cam a22004814i 4500
003 PE-LiUPU
005 20250731173508.0
008 150616s r 000 0 d
020 _a0853646384
035 _a(Sirsi) i9780853646389
040 _aPE-LiUPU
_bspa
_cPE-LiUPU
_erda
049 _aPRUA
082 0 4 _a220.1
_bG66
_221
100 1 _aGoldingay, John,
_eautor.
245 1 0 _aModels for Scripture /
_cJohn Goldingay.
264 1 _aGrand Rapids, Michigan :
_bWm. B. Eerdmans Publishing Co.,
_c1994.
300 _a420 páginas ;
_c23 centímetros
336 _atext
_2rdacontent
337 _aunmediated
_2rdamedia
338 _avolume
_2rdacarrier
504 _aIncluye bibliografía.
505 0 _aScripture as witnessing tradition -- Scripture as authoritative canon -- Scripture as inspired word -- Scripture as experienced revelation biblia.
526 _aSEG42
526 _aSEG41
526 _aSEG40
526 _aSEG39
526 _aP94
526 _aP87
526 _aP86
526 _aP85
526 _aP77
526 _aP76
526 _aP35
630 _aBiblia
_xAutoridad, testimonio, etc.
_91514
650 0 4 _aRevelación en la biblia.
_94406
910 _ajck
_bjvq
_cjck
942 _2ddc
_cBOOK
949 _a220.1 G66
_wDEWEY
_c1
_i40567
_lCCODEBUL1
_mBUL
_r0
_sY
_tBOOK
_u2015-6-16
_xTEOLOGIA
_zUNKNOWN
_0COMPRA
_o.STAFF. Colección General
994 _aC0
_bPEPRU
596 _a1
999 _a220.1 G66
_wDEWEY
_c58351
_i40567
_f2021-11-9
_g10
_lCCODEBUL1
_mBUL
_r0
_sY
_tBOOK
_u2015-6-16
_xTEOLOGIA
_zUNKNOWN
_0COMPRA
_o.STAFF. Colección General
_d58351
980 _81
_gALBERTO SANCHEZ Responsable de Automatización